[Event "HEM 2015 B Turnier"]
[Site "Frankfurt-Sossenheim"]
[Date "2015.??.??"]
[Round "3.24"]
[White "Engel, Jan"]
[Black "Boerkey, Joel"]
[Result "1/2-1/2"]
[WhiteElo "1715"]
[BlackElo "1333"]
[PlyCount "82"]
[EventDate "2015.??.??"]
[WhiteTeam "Frankfurter TV"]
[BlackTeam "Wiesbadener SV"]

1. d4 Nf6 2. c4 e6 3. Nc3 Bb4 4. Nf3 Ne4 5. Qc2 d5 6. a3 Bxc3+ 7. bxc3 O-O 8.
e3 Re8 9. Bd3 Nf6 10. O-O dxc4 11. Bxc4 Bd7 12. e4 Bc6 13. Re1 Nbd7 14. Bg5 h6
15. Bh4 Qc8 16. Nd2 a6 17. a4 Nh7 18. d5 exd5 19. exd5 Rxe1+ 20. Rxe1 Bxa4 21.
Qxa4 b5 22. Bxb5 Nb6 23. Qd4 axb5 24. d6 Nd7 25. dxc7 Qxc7 26. Re7 Rd8 27. Qd5
Ne5 28. Qxf7+ Nxf7 29. Rxc7 Rxd2 30. Rc8+ Nf8 31. f4 g5 32. fxg5 hxg5 33. Be1
Rc2 34. Rb8 Rb2 35. c4 Ne5 36. Rxb5 Nxc4 37. Rxb2 Nxb2 38. Bd2 Ne6 39. Bxg5
Nxg5 40. Kf2 Kf7 41. h4 Ne6 1/2-1/2

[Event "HEM 2015 B Turnier"]
[Site "Frankfurt-Sossenheim"]
[Date "2015.??.??"]
[Round "3.25"]
[White "Praetz, Friedrich"]
[Black "Martens, Nick"]
[Result "0-1"]
[WhiteElo "1013"]
[BlackElo "1697"]
[PlyCount "71"]
[EventDate "2015.??.??"]
[WhiteTeam "SVG Lauterbach"]
[BlackTeam "SF Battenberg"]

1. e4 d5 2. exd5 Qxd5 3. Nc3 Qa5 4. d4 Nf6 5. Nf3 Bg4 6. h3 Bh5 7. g4 Bg6 8.
Ne5 Nbd7 9. Nc4 Qa6 10. Nb5 Qe6+ 11. Be2 Qc6 12. O-O Be4 13. Bf4 Nd5 14. Bg3 b6
15. f3 Bg6 16. Rc1 a6 17. Nba3 e6 18. Bd3 b5 19. Na5 Qb6 20. Qd2 Bb4 21. c3
Bxa3 22. bxa3 Qxa5 23. Rfe1 Bxd3 24. Qxd3 Qxa3 25. Qe4 O-O 26. c4 bxc4 27. Rxc4
N7f6 28. Qe5 Qxa2 29. Rc6 Qa4 30. Rec1 Rfb8 31. g5 Nd7 32. Qe4 Rb4 33. Rxe6
Rxd4 34. Re8+ Nf8 35. Qe5 Rxe8 36. Qxe8 0-1

[Event "HEM 2015 B Turnier"]
[Site "Frankfurt-Sossenheim"]
[Date "2015.??.??"]
[Round "3.26"]
[White "Vedder, Matthias"]
[Black "Pyshny, Anton"]
[Result "1-0"]
[WhiteElo "1691"]
[BlackElo "1287"]
[PlyCount "113"]
[EventDate "2015.??.??"]
[WhiteTeam "SK Marburg"]
[BlackTeam "SC Eschborn"]

1. c4 e5 2. g3 Nf6 3. Bg2 c6 4. Nf3 e4 5. Ng5 d5 6. cxd5 cxd5 7. Nc3 Be7 8. d3
exd3 9. Qxd3 Be6 10. Nxe6 fxe6 11. O-O O-O 12. Rd1 Nc6 13. Bh3 d4 14. Bxe6+ Kh8
15. Ne4 Nxe4 16. Qxe4 Qd6 17. Bf4 Qb4 18. Bb3 Bf6 19. Bc2 g6 20. Rab1 Rae8 21.
Qd3 Re7 22. a3 Qc5 23. b4 Qd5 24. e4 Qd7 25. b5 Ne5 26. Bxe5 Bxe5 27. f4 Bg7
28. e5 Rd8 29. Rb4 Ree8 30. Rxd4 Qxd4+ 31. Qxd4 Rxd4 32. Rxd4 Bf8 33. Rd3 Rc8
34. Bd1 Be7 35. a4 Rd8 36. Rxd8+ Bxd8 37. Bf3 b6 38. Kf2 Kg7 39. Ke3 Kf7 40.
Kd4 Ke6 41. Bg4+ Ke7 42. Kd5 h6 43. Kc6 Ke8 44. Kb7 Be7 45. Kxa7 Bc5 46. Kb7
Ke7 47. f5 gxf5 48. Bxf5 Bd4 49. g4 Bxe5 50. Kxb6 Bxh2 51. a5 Bg1+ 52. Kb7 Kd6
53. a6 Kd5 54. b6 Kd6 55. a7 Bxb6 56. Kxb6 Ke5 57. a8=Q 1-0

[Event "HEM 2015 B Turnier"]
[Site "Frankfurt-Sossenheim"]
[Date "2015.??.??"]
[Round "3.27"]
[White "Kirst, Christian"]
[Black "Zimmer, Sascha"]
[Result "0-1"]
[WhiteElo "1499"]
[BlackElo "1937"]
[PlyCount "138"]
[EventDate "2015.??.??"]
[WhiteTeam "SV Fechenheim"]
[BlackTeam "SC Mackenbach"]

1. e4 Nf6 2. d3 e5 3. g3 d5 4. exd5 Qxd5 5. Qf3 Nc6 6. Qxd5 Nxd5 7. c3 Bd6 8.
Nd2 f5 9. Bg2 Be6 10. Ne2 O-O 11. a3 f4 12. c4 Nde7 13. Be4 Nd8 14. b4 c6 15.
Bb2 Nf7 16. gxf4 exf4 17. Rg1 g6 18. Nf3 Bf5 19. O-O-O Rae8 20. h4 h6 21. Bxf5
Nxf5 22. Rxg6+ Kh7 23. Rdg1 Ng5 24. R6xg5 hxg5 25. Nxg5+ Kh6 26. Ne4 Rg8 27.
Rxg8 Rxg8 28. Nxd6 Nxd6 29. Nxf4 Rg4 30. Bf6 Nf5 31. Bg5+ Kh7 32. Nh5 Rg1+ 33.
Kb2 Rg2 34. Nf6+ Kg6 35. Ne4 Rh2 36. a4 Nxh4 37. Bxh4 Rxh4 38. b5 cxb5 39. axb5
Rf4 40. c5 Kf5 41. Kc3 Ke5 42. Nd6 a6 43. bxa6 bxa6 44. Ne4 Kd5 45. Kd2 Kd4 46.
c6 Rf7 47. Ng5 Rxf2+ 48. Ke1 Rc2 49. c7 Ke3 50. Kd1 Rxc7 51. d4 a5 52. d5 Rc5
53. Ne6 Rxd5+ 54. Kc2 Re5 55. Nd8 Rb5 56. Nf7 Rd5 57. Kb3 Kd4 58. Nh6 Kc5 59.
Ng4 Rd3+ 60. Kc2 Kd4 61. Nf2 Rc3+ 62. Kb2 Kc4 63. Ne4 Rd3 64. Nf6 a4 65. Ng4
Kb4 66. Ne5 a3+ 67. Kc1 Rb3 68. Nc6+ Kc3 69. Na5 Rb2 0-1

[Event "HEM 2015 B Turnier"]
[Site "Frankfurt-Sossenheim"]
[Date "2015.??.??"]
[Round "3.28"]
[White "Bahlke, Florian"]
[Black "Scholz, Michael"]
[Result "1-0"]
[WhiteElo "1271"]
[BlackElo "1862"]
[PlyCount "113"]
[EventDate "2015.??.??"]
[WhiteTeam "SF Dettingen"]
[BlackTeam "SK Mömbris"]

1. c4 Nf6 2. g3 c5 3. Bg2 Nc6 4. Nc3 g6 5. Nf3 Bg7 6. O-O O-O 7. a3 d5 8. cxd5
Nxd5 9. Nxd5 Qxd5 10. d3 e5 11. Qc2 Rd8 12. Be3 b6 13. Rab1 Bf5 14. Nh4 Qd6 15.
Nxf5 gxf5 16. b4 Rac8 17. bxc5 bxc5 18. Bxc6 Rxc6 19. Qc4 Rdc8 20. Rb7 R6c7 21.
Rfb1 Bf8 22. R1b5 Qc6 23. Rxc7 Rxc7 24. f3 Kg7 25. a4 Be7 26. Ra5 Qe6 27. Qxe6
fxe6 28. Ra6 Kf7 29. Kf2 h5 30. h4 Bf8 31. Ke1 Ke7 32. Kd2 Kd7 33. Kc3 Bd6 34.
Ra5 e4 35. f4 exd3 36. exd3 e5 37. Kc4 exf4 38. Bxf4 Rb7 39. Kd5 Bf8 40. Rb5
Rb6 41. Rxb6 axb6 42. Bb8 Bg7 43. Be5 Bh6 44. Bb8 Bg7 45. Be5 Bh6 46. Bf6 Bd2
47. Ke5 Be1 48. Kxf5 Bxg3 49. Kg5 Be1 50. Kxh5 Ke6 51. Kg6 Bd2 52. h5 Bf4 53.
Bd8 Kd5 54. Bxb6 Kd4 55. a5 Kxd3 56. Bxc5 Kc4 57. a6 1-0

[Event "HEM 2015 B Turnier"]
[Site "Frankfurt-Sossenheim"]
[Date "2015.??.??"]
[Round "3.29"]
[White "Sciurti, Carmine"]
[Black "Reichel, Rolf"]
[Result "1/2-1/2"]
[WhiteElo "1233"]
[BlackElo "1816"]
[PlyCount "80"]
[EventDate "2015.??.??"]
[WhiteTeam "SV Großauheim"]
[BlackTeam "SF Frankfurt"]

1. d4 d5 2. Bf4 c6 3. e3 Nf6 4. Nd2 Bf5 5. Ngf3 e6 6. Ne5 Nbd7 7. g4 Bg6 8. h4
h5 9. Nxg6 fxg6 10. Bd3 Kf7 11. g5 Ne8 12. Qf3 Kg8 13. Bxg6 Bd6 14. Be5 Qe7 15.
Bxd6 Nxd6 16. e4 Rf8 17. Qe2 Nxe4 18. Nxe4 dxe4 19. Bxe4 Qf7 20. f3 g6 21. Qd3
Kh7 22. O-O-O Rhg8 23. Kb1 Qf4 24. Qb3 Qd6 25. Qxb7 Rg7 26. Qxc6 Qb4 27. d5 Ne5
28. Qxe6 Nc4 29. b3 Na3+ 30. Kc1 Qc3 31. Rh2 Qa1+ 32. Kd2 Qxa2 33. d6 Nb1+ 34.
Ke3 Nc3 35. Rdd2 Qa5 36. d7 Qc5+ 37. Rd4 Nd1+ 38. Kd3 Nb2+ 39. Ke3 Nd1+ 40. Kd3
Nb2+ 1/2-1/2

[Event "HEM 2015 B Turnier"]
[Site "Frankfurt-Sossenheim"]
[Date "2015.??.??"]
[Round "3.31"]
[White "Liebske, Erwin"]
[Black "Boehme, Jonas"]
[Result "0-1"]
[WhiteElo "1643"]
[BlackElo "1095"]
[PlyCount "90"]
[EventDate "2015.??.??"]
[WhiteTeam "SV Frankfurt Nord"]
[BlackTeam "SG Somplar"]

1. d4 f5 2. f4 Nf6 3. Nf3 g6 4. e3 Bg7 5. Be2 O-O 6. O-O d6 7. Nc3 b6 8. Bc4+
Kh8 9. Ng5 d5 10. Qf3 c6 11. Bb3 h6 12. Qh3 Nh5 13. Nf3 Nf6 14. Ne5 Qe8 15. Qg3
Ng4 16. Nf3 Nd7 17. h3 Ngf6 18. Nh4 Kh7 19. Bd2 Nh5 20. Qf2 Ba6 21. Rfc1 Ndf6
22. Nf3 Ne4 23. Nxe4 fxe4 24. Nh2 Qf7 25. g4 Nf6 26. Bb4 Rac8 27. c3 Nd7 28.
Qd2 Bd3 29. Bc2 Ba6 30. Bd1 c5 31. dxc5 Nxc5 32. Bxc5 bxc5 33. Be2 Bxe2 34.
Qxe2 d4 35. cxd4 cxd4 36. Rxc8 Rxc8 37. exd4 Bxd4+ 38. Kg2 Qxf4 39. Re1 e3 40.
Nf1 Qe4+ 41. Kg1 Rc2 42. Ng3 Rxe2 43. Rxe2 Qf3 44. Rg2 e2+ 45. Kh2 e1=Q 0-1

[Event "HEM 2015 B Turnier"]
[Site "Frankfurt-Sossenheim"]
[Date "2015.??.??"]
[Round "3.32"]
[White "Mueller, Nils"]
[Black "Kirschner, Philipp"]
[Result "1/2-1/2"]
[WhiteElo "1089"]
[BlackElo "1640"]
[PlyCount "32"]
[EventDate "2015.??.??"]
[WhiteTeam "SF Friedberg"]
[BlackTeam "Sfr. Kelkheim"]

1. e4 e6 2. Nf3 d5 3. exd5 exd5 4. Be2 Bd6 5. c3 Nf6 6. d4 O-O 7. O-O Bg4 8.
Bg5 h6 9. Bh4 c6 10. Nbd2 Nbd7 11. Re1 Re8 12. Qc2 Qc7 13. Bd3 a6 14. Bf5 Bxf5
15. Qxf5 Qb6 16. b3 Qc7 1/2-1/2

[Event "HEM 2015 B Turnier"]
[Site "Frankfurt-Sossenheim"]
[Date "2015.??.??"]
[Round "3.33"]
[White "Schwarz, Daniel"]
[Black "Bennewitz, Ralph"]
[Result "0-1"]
[WhiteElo "1429"]
[BlackElo "1924"]
[PlyCount "31"]
[EventDate "2015.??.??"]
[WhiteTeam "SG Idstein"]
[BlackTeam "SC Sulzbach"]

1. e4 c6 2. Nc3 d5 3. Nf3 d4 4. Ne2 c5 5. c3 Nc6 6. cxd4 cxd4 7. Qa4 d3 8. Nf4
Bd7 9. Qb3 Qc7 10. Nxd3 e6 11. Qc3 Nf6 12. e5 Nd5 13. Qc2 Nxe5 14. Qxc7 Nxf3+
15. gxf3 Nxc7 16. Nc5 0-1

[Event "HEM 2015 B Turnier"]
[Site "Frankfurt-Sossenheim"]
[Date "2015.??.??"]
[Round "3.34"]
[White "Heinz, Tobias"]
[Black "Schreer, Maxima"]
[Result "1-0"]
[WhiteElo "1646"]
[BlackElo "1414"]
[PlyCount "57"]
[EventDate "2015.??.??"]
[WhiteTeam "SC Eschborn"]
[BlackTeam "SF Friedberg"]

1. d4 d5 2. c4 c6 3. Nc3 Nf6 4. Bf4 Bf5 5. e3 e6 6. c5 b6 7. b4 bxc5 8. bxc5
Qa5 9. Qb3 Ne4 10. Nge2 Qd8 11. Nxe4 Bxe4 12. Nc3 Bf5 13. Qb7 Nd7 14. Qxc6 Be7
15. Ba6 Qa5 16. Rc1 Qa3 17. O-O Rd8 18. Bc7 O-O 19. Bxd8 Rxd8 20. Qa4 Qxa4 21.
Nxa4 Rb8 22. c6 e5 23. c7 Rb4 24. c8=Q+ Bf8 25. Nc3 Rb8 26. Nxd5 Rxc8 27. Rxc8
Nf6 28. Ne7+ Kh8 29. Rxf8+ 1-0

[Event "HEM 2015 B Turnier"]
[Site "Frankfurt-Sossenheim"]
[Date "2015.??.??"]
[Round "3.35"]
[White "Boerkey, Pierre"]
[Black "Nesse, David"]
[Result "0-1"]
[WhiteElo "1375"]
[BlackElo "1553"]
[PlyCount "60"]
[EventDate "2015.??.??"]
[WhiteTeam "Wiesbadener SV"]

1. d4 Nf6 2. c4 c5 3. d5 b5 4. Nc3 bxc4 5. e4 d6 6. Bxc4 g6 7. Nf3 Bg7 8. O-O
O-O 9. h3 Nbd7 10. Bd2 Rb8 11. Rb1 Nh5 12. Re1 Ne5 13. Nxe5 Bxe5 14. Be2 Nf4
15. Bxf4 Bxf4 16. g3 Be5 17. Bg4 f5 18. exf5 Bxf5 19. Bxf5 Rxf5 20. g4 Rf7 21.
Qa4 Qf8 22. Re2 Bxc3 23. Qxa7 Bd4 24. Rf1 Rf3 25. Rxe7 Rxf2 26. Rg7+ Bxg7 27.
Rxf2 Bd4 28. Kh1 Bxf2 29. Qd7 Qf3+ 30. Kh2 Qg3+ 0-1

[Event "HEM 2015 B Turnier"]
[Site "Frankfurt-Sossenheim"]
[Date "2015.??.??"]
[Round "3.36"]
[White "Droeser, Wolfgang"]
[Black "Schwarz, Matthias"]
[Result "0-1"]
[WhiteElo "1461"]
[BlackElo "1352"]
[PlyCount "70"]
[EventDate "2015.??.??"]
[WhiteTeam "SF Frankfurt"]
[BlackTeam "SG Idstein"]

1. f4 d5 2. e3 Nf6 3. Nf3 g6 4. d3 Bg7 5. Be2 O-O 6. O-O b6 7. Qe1 c5 8. c4
dxc4 9. dxc4 Bb7 10. Nc3 Nbd7 11. Nd2 a6 12. e4 e5 13. f5 Qc7 14. Qh4 Rad8 15.
Nf3 Qc6 16. Bd3 Rfe8 17. fxg6 fxg6 18. g4 Nf8 19. Bc2 Ne6 20. Nxe5 Qd6 21. Nf3
Nd7 22. Rd1 Qf8 23. Qh3 Nf4 24. Bxf4 Qxf4 25. Nd5 Bxd5 26. cxd5 Qe3+ 27. Kh1
Ne5 28. Rf1 Rf8 29. Rae1 Qf4 30. Nxe5 Qxe5 31. Rxf8+ Rxf8 32. b3 Rf2 33. Bb1
Qf4 34. Bd3 Be5 35. Qg3 Rxh2+ 0-1

[Event "HEM 2015 B Turnier"]
[Site "Frankfurt-Sossenheim"]
[Date "2015.??.??"]
[Round "3.37"]
[White "Scheerer, Michael"]
[Black "Stier, Ingrid"]
[Result "1-0"]
[WhiteElo "1450"]
[BlackElo "1086"]
[PlyCount "107"]
[EventDate "2015.??.??"]
[WhiteTeam "SF Frankfurt"]
[BlackTeam "SVG Lauterbach"]

1. e4 e5 2. Nf3 d6 3. Bc4 Bg4 4. d3 Nf6 5. c3 Bxf3 6. Qxf3 Nc6 7. Be3 a6 8. Nd2
Na5 9. Bb3 Be7 10. O-O b5 11. Rad1 Qc8 12. h3 Nxb3 13. Nxb3 a5 14. Nd2 Qb7 15.
d4 c5 16. dxe5 dxe5 17. Qf5 Qc7 18. Nb1 g6 19. Qf3 Ra6 20. Rd2 Qc6 21. Rfd1 O-O
22. Bh6 Re8 23. Na3 Ra7 24. c4 Qxe4 25. Qxe4 Nxe4 26. Re2 Bg5 27. Bxg5 Nxg5 28.
Nxb5 Rae7 29. Rd6 f5 30. Ra6 e4 31. Rxa5 f4 32. Kf1 f3 33. Re3 Rd8 34. Nc3
fxg2+ 35. Kxg2 Re5 36. b4 Rf8 37. Rxc5 Ref5 38. Rxf5 gxf5 39. Nd5 f4 40. Rc3
Rf7 41. c5 f3+ 42. Kh2 Kf8 43. c6 Ne6 44. c7 Nxc7 45. Rxc7 Rf5 46. Ne3 Rb5 47.
Rc4 Ke7 48. Rxe4+ Kd6 49. a4 Rb7 50. Rc4 Ke5 51. b5 Rd7 52. Rc5+ Kf4 53. Nd5+
Kg5 54. Nb6+ 1-0